|
|
|
|
| LEADER |
01324nam a22003254a 4500 |
| 001 |
0017317 |
| 003 |
BD-DhAAL |
| 008 |
240602t2005 nyua b 001 0 eng d |
| 010 |
|
|
|a 2004043396
|
| 020 |
|
|
|a 0195147944
|
| 020 |
|
|
|a 9780195147940
|
| 040 |
|
|
|a DLC
|c DLC
|d DLC
|d BD-DhAAL
|
| 042 |
|
|
|a pcc
|
| 050 |
0 |
0 |
|a H62
|b .S4776 2005
|
| 082 |
0 |
0 |
|a 300.72
|2 22
|
| 100 |
1 |
|
|a Singleton, Royce.
|9 56456
|
| 245 |
1 |
0 |
|a Approaches to social research /
|c Royce A. Singleton and Bruce C. Straits.
|
| 250 |
|
|
|a Fourth edition.
|
| 264 |
|
|
|a New York :
|b Oxford University Press,
|c 2005.
|
| 300 |
|
|
|a xviii, 622 pages ;
|b illustrations :
|c 24 cm
|
| 504 |
|
|
|a Includes bibliographical references (pages 575-601) and index.
|
| 526 |
|
|
|a PPDM
|x Mr. Mohammad Aminur Rahman
Research Assistant
|
| 541 |
|
|
|a Ahsania Mission Book Distribution House
|e 17317
|
| 650 |
|
0 |
|a Social sciences
|x Research.
|
| 650 |
|
0 |
|a Social sciences
|x Methodology.
|
| 700 |
1 |
|
|a Straits, Bruce C.
|9 56457
|
| 852 |
|
|
|a Ayesha Abed Library
|c General Stacks
|
| 942 |
|
|
|2 ddc
|c BK
|
| 999 |
|
|
|c 46690
|d 46690
|
| 952 |
|
|
|0 0
|1 0
|2 ddc
|4 0
|6 300_720000000000000_SIN
|7 0
|9 75581
|a BRACUL
|b BRACUL
|c GEN
|d 2024-06-02
|e Ahsania Mission Book Distribution House
|g 5838.00
|l 0
|o 300.72 SIN
|p 3010017317
|r 2024-06-02
|t 1
|w 2024-06-02
|y BK
|x Requisitioned by Mr. Mohammad Aminur Rahman (Research Assistant)
|